| 000 | 00782nam a2200265 4500 | ||
|---|---|---|---|
| 001 | 124247 | ||
| 003 | ES-MaACL | ||
| 005 | 20230906192344.0 | ||
| 007 | t| | ||
| 008 | 070214s1974 sp r ||||1| spa d | ||
| 020 | _a84-344-0668-3 | ||
| 080 | _a929 Reed, John | ||
| 080 | _a94(72)"1910/17"(0:82) | ||
| 100 | 1 |
_aReed, John. _995843 |
|
| 245 | 1 | 0 |
_aMéxico insurgente / _cJohn Reed ; traducción de E.V. |
| 250 | _a3ª ed. | ||
| 260 |
_aEsplugas de Llobregat (Barcelona) : _bAriel, _c1974. |
||
| 300 |
_a255 p. ; _c18 cm. |
||
| 490 | 1 |
_aAriel quincenal ; _v18 |
|
| 600 | 1 | 4 |
_aReed, John. _995843 |
| 651 |
_aMéxico- _xHistoria- _y1910-1917, Revolución armada. _9151495 |
||
| 830 | 1 |
_aAriel quincenal ; _v18 _9180806 |
|
| 852 | 4 |
_aES-MaACL _jE-5986 |
|
| 999 |
_c124247 _d124247 |
||